[Event "Open Duras BVK FIDE"]
[Site "Brno CZE"]
[Date "2009.06.29"]
[Round "4"]
[White "Rezny,F"]
[Black "Hosek,M"]
[Result "0-1"]
[WhiteElo "1665"]
[BlackElo "2302"]
[EventDate "2009.06.26"]

1. e4 c5 2. b4 cxb4 3. a3 e6 4. Bb2 Nf6 5. e5 Nd5 6. axb4 Bxb4 7. c3 Be7 8.
Be2 O-O 9. Nf3 d6 10. Na3 Nc6 11. O-O dxe5 12. Qc2 b6 13. Bd3 h6 14. Bh7+
Kh8 15. c4 Nf6 16. Be4 Bb7 17. Bxc6 Bxc6 18. Nxe5 Bb7 19. Rfe1 Bc5 20. Qc3
Qe7 21. Ng4 Rfd8 22. Nxf6 Bd4 23. Qc2 Qxf6 24. Bxd4 Qxd4 25. Nb5 Qg4 26. f3
Bxf3 27. d4 Bc6 28. Nxa7 Qxd4+ 29. Kh1 Be4 30. Qxe4 Qxe4 31. Rxe4 Rxa7 32.
Ree1 Rxa1 33. Rxa1 Rd4 34. Rc1 Kh7 35. h3 e5 36. c5 bxc5 37. Rxc5 f6 38.
Kg1 Rd2 39. Rc4 g5 40. h4 Rd4 41. Rxd4 exd4 42. hxg5 fxg5 43. Kf2 Kg6 44.
Ke2 Kf5 0-1

[Event "Open Duras BVK FIDE"]
[Site "Brno CZE"]
[Date "2009.06.29"]
[Round "4"]
[White "Vitula,J"]
[Black "Strnad,O"]
[Result "1/2-1/2"]
[WhiteElo "1864"]
[BlackElo "1761"]
[EventDate "2009.06.26"]

1. d4 Nf6 2. Nf3 c5 3. c3 cxd4 4. cxd4 g6 5. Nc3 d5 6. Bf4 Bg7 7. e3 Bf5 8.
Qb3 Qb6 9. Bb5+ Nc6 10. Nxd5 Nxd5 11. Qxd5 Be6 12. Qg5 h6 13. Qc5 Qxc5 14.
dxc5 Bxb2 15. Rd1 Bc3+ 16. Ke2 a6 17. Bxc6+ bxc6 18. Ne5 Bxe5 19. Bxe5 f6
20. Bc3 Bxa2 21. Rd2 Bc4+ 22. Kf3 Rd8 23. Rxd8+ Kxd8 24. Rd1+ Kc8 25. Ba5
Re8 26. Rd4 Bb5 27. g3 f5 28. e4 fxe4+ 29. Kxe4 e6 30. Rd6 Kb7 31. Rd7+ Kc8
32. Rd6 Kb7 33. Rd7+ Kc8 1/2-1/2

[Event "Open Duras BVK FIDE"]
[Site "Brno CZE"]
[Date "2009.06.29"]
[Round "4"]
[White "Feranec,M"]
[Black "Blahynka,M"]
[Result "0-1"]
[WhiteElo "1834"]
[BlackElo "1873"]
[EventDate "2009.06.26"]

1. Nf3 d5 2. e3 c5 3. b3 Nf6 4. Bb2 e6 5. d3 Nc6 6. Nbd2 Bd6 7. Be2 O-O 8.
a3 b6 9. c4 Bb7 10. O-O Rc8 11. Rb1 Bb8 12. Qc2 Ng4 13. g3 Nge5 14. Rfd1 d4
15. e4 f5 16. Bc1 Qf6 17. Nxe5 Nxe5 18. f4 Ng4 19. Bxg4 fxg4 20. Rf1 Qh6
21. Rf2 Rf7 22. Nf1 Qh5 23. Qe2 Qh3 24. Rb2 Rcf8 25. b4 cxb4 26. axb4 g5
27. f5 Be5 28. Bxg5 exf5 29. Bh4 fxe4 30. Rxf7 Rxf7 31. Bg5 e3 32. Qe1 Bf3
33. c5 bxc5 34. Bf4 Bxf4 35. gxf4 Rxf4 36. bxc5 e2 37. Rxe2 Bxe2 38. Qxe2
Rxf1+ 39. Qxf1 Qxf1+ 40. Kxf1 Kf7 41. Kf2 a5 42. Ke2 Ke6 43. Kd2 Kd5 44.
Ke2 Kc6 0-1

[Event "Open Duras BVK FIDE"]
[Site "Brno CZE"]
[Date "2009.06.29"]
[Round "4"]
[White "Milfort,V"]
[Black "Kukla,T"]
[Result "1/2-1/2"]
[WhiteElo "1731"]
[BlackElo "1851"]
[EventDate "2009.06.26"]

1. d4 d5 2. Nf3 Nf6 3. c4 c6 4. cxd5 cxd5 5. Nc3 Nc6 6. e3 Bf5 7. Bb5 e6 8.
Bxc6+ bxc6 9. Ne5 Qc7 10. O-O Bd6 11. Nf3 Bg4 12. h3 Bh5 13. Bd2 O-O 14.
Rc1 Rfc8 15. Nb5 Qe7 16. Nxd6 Qxd6 17. a3 a5 18. g4 Bg6 19. Ne5 Ne4 20. Be1
f6 21. Nd3 Qb8 22. b3 Qb6 23. f3 Nd6 24. Nc5 e5 25. Bf2 exd4 26. exd4 h5
27. Re1 hxg4 28. hxg4 Ra7 29. Re6 Nb5 30. a4 Nc7 31. Nd7 Qb7 32. Rexc6 Be8
33. Rb6 Qa8 34. Nc5 Na6 35. Nxa6 Rxa6 36. Rxa6 Qxa6 37. Rxc8 Qxc8 38. Qd2
Qc7 39. Be1 Qb6 40. Qc3 Bg6 41. b4 Qa6 42. Kg2 Qe2+ 43. Bf2 Qa6 44. Qc5 Qb7
45. Qxa5 Kh7 46. f4 1/2-1/2

[Event "Open Duras BVK FIDE"]
[Site "Brno CZE"]
[Date "2009.06.29"]
[Round "4"]
[White "Glacner,K"]
[Black "Drab,T"]
[Result "0-1"]
[WhiteElo "1834"]
[BlackElo "1889"]
[EventDate "2009.06.26"]

1. e4 e5 2. Nf3 Nf6 3. Nc3 Nc6 4. Bc4 Nxe4 5. Bxf7+ Kxf7 6. Nxe4 d5 7. Nc3
Be7 8. d3 Rf8 9. h3 Kg8 10. O-O Bf5 11. Re1 Bf6 12. Ne2 e4 13. Ng3 exf3 14.
Nxf5 Be5 15. d4 Rxf5 16. dxe5 Nxe5 17. Qd4 Nc6 18. Qg4 Qf6 19. g3 d4 20.
Bf4 h5 21. Qxf3 Kh8 22. Qe2 Rf8 23. Qe6 g5 24. Qxf6+ R8xf6 25. Bxc7 Rxf2
26. Rac1 Kh7 27. a4 Rd2 28. Rf1 Rxf1+ 29. Kxf1 Kg6 30. b3 Kf5 31. Bd6 Ke4
32. b4 Kf3 33. b5 Na5 34. Bb4 Rf2+ 35. Ke1 Re2+ 36. Kd1 Nc4 37. c3 Ne3+ 0-1

[Event "Open Duras BVK FIDE"]
[Site "Brno CZE"]
[Date "2009.06.30"]
[Round "5"]
[White "Sladek,Vl"]
[Black "Cagasik,T"]
[Result "0-1"]
[WhiteElo "2075"]
[BlackElo "2259"]
[EventDate "2009.06.26"]

1. e4 d5 2. exd5 Qxd5 3. Nf3 Nf6 4. Nc3 Qd6 5. d4 Bg4 6. Be2 c6 7. g3 e6 8.
Bf4 Qd8 9. h3 Bh5 10. g4 Bg6 11. Ne5 Nbd7 12. Nc4 Nb6 13. h4 Nfd5 14. Bg5
Nxc3 15. bxc3 Qd5 0-1

[Event "Open Duras BVK FIDE"]
[Site "Brno CZE"]
[Date "2009.06.30"]
[Round "5"]
[White "Snorek,M"]
[Black "Mlynek,P"]
[Result "1/2-1/2"]
[WhiteElo "2155"]
[BlackElo "2217"]
[EventDate "2009.06.26"]

1. d4 d5 2. Nf3 c6 3. c4 e6 4. cxd5 cxd5 5. Nc3 Nc6 6. Bf4 Nf6 7. e3 Be7 8.
Bd3 O-O 9. O-O Nh5 10. Be5 f5 11. Rc1 Nf6 12. a3 Bd7 13. b4 Ne4 14. Qb3
Nxe5 15. dxe5 a5 16. b5 a4 17. Qb2 Qa5 18. Rfd1 Nxc3 19. Rxc3 Rfc8 20. Rdc1
Rxc3 21. Rxc3 Rc8 22. Rxc8+ Bxc8 23. g3 Bd7 24. Kg2 Qc7 25. Ne1 Qa5 26. Nf3
Qc7 27. Ne1 1/2-1/2

[Event "Open Duras BVK FIDE"]
[Site "Brno CZE"]
[Date "2009.06.30"]
[Round "5"]
[White "Pokorny,P"]
[Black "Zavadil,M"]
[Result "1/2-1/2"]
[WhiteElo "2198"]
[BlackElo "2039"]
[EventDate "2009.06.26"]

1. d4 d5 2. Nf3 Nf6 3. c4 c6 4. Nc3 e6 5. cxd5 cxd5 6. Bf4 Nc6 7. e3 Bd6 8.
Bxd6 Qxd6 9. Bd3 O-O 10. O-O b6 11. a3 Bb7 12. Qe2 Na5 13. b4 Nc4 14. Bxc4
dxc4 15. Qxc4 Bxf3 16. gxf3 Rac8 17. Qd3 e5 18. Ne4 Qe6 19. Rac1 Rcd8 20.
Ng3 exd4 21. Rfd1 1/2-1/2

[Event "Open Duras BVK FIDE"]
[Site "Brno CZE"]
[Date "2009.06.30"]
[Round "5"]
[White "Krupica,P"]
[Black "Kratochvil,K"]
[Result "0-1"]
[WhiteElo "1955"]
[BlackElo "2113"]
[EventDate "2009.06.26"]

1. e4 c5 2. c3 d5 3. exd5 Qxd5 4. d4 e5 5. Nf3 Nc6 6. Bb5 Bg4 7. Bxc6+ bxc6
8. dxe5 Qxd1+ 9. Kxd1 O-O-O+ 10. Ke2 Re8 11. Be3 Rxe5 12. Nbd2 Re8 13. Rhe1
Nf6 14. h3 Bf5 15. Kf1 Nd5 16. Bg5 Bd6 17. Rxe8+ Rxe8 18. Re1 Bd3+ 19. Kg1
Rxe1+ 20. Nxe1 Bg6 21. Nc4 Bc7 22. Bd2 Bb1 23. a3 Kd7 24. Nf3 Ke6 25. Ng5+
Kf6 26. Nf3 h6 27. Ne3 Ke6 28. g3 Be4 29. Ne1 Nxe3 30. Bxe3 Kd5 31. Kf1 Kc4
32. Ke2 Kb3 33. Bc1 c4 34. g4 g5 35. f3 Bd5 36. Kd1 Bg3 37. Nc2 Bxf3+ 0-1

[Event "Open Duras BVK FIDE"]
[Site "Brno CZE"]
[Date "2009.06.30"]
[Round "5"]
[White "Kubicek,P"]
[Black "Balazec,L"]
[Result "1/2-1/2"]
[WhiteElo "1982"]
[BlackElo "2032"]
[EventDate "2009.06.26"]

1. e4 c5 2. Nf3 a6 3. c3 d5 4. exd5 Qxd5 5. d4 e6 6. Be2 cxd4 7. cxd4 Bb4+
8. Nc3 Nc6 9. O-O Qd8 10. a3 Be7 11. d5 exd5 12. Nxd5 Nf6 13. Nxe7 Qxd1 14.
Bxd1 Kxe7 15. Re1+ Be6 16. Ng5 Rhe8 17. Be3 Kf8 18. Nxe6+ fxe6 19. Bc5+ Kf7
20. Bb3 b6 21. Be3 b5 22. Rac1 Rac8 23. Bb6 Nd7 24. Be3 Nde5 25. Red1 Na5
26. Bc2 g6 27. Bg5 Nac4 28. Re1 Nd7 29. a4 Rc5 30. h4 Nxb2 31. axb5 axb5
32. Be4 Rec8 33. Ra1 Nf6 34. Ra7+ R8c7 35. Rxc7+ Rxc7 36. Bb1 Nd5 37. Ba2
Ra7 38. Bb3 Nc4 39. Re4 Ncb6 40. Kh2 Ra3 41. Bd1 Nd7 42. Bg4 Nc5 43. Re2
Ra4 44. Bf3 h6 45. Rc2 hxg5 46. Rxc5 Rxh4+ 47. Kg3 b4 48. Bxd5 exd5 49.
Rxd5 Rc4 50. Rxg5 Rc3+ 51. Kf4 Rc2 52. Ke3 b3 53. Rb5 b2 54. g4 g5 55. f3
Ke6 56. Kd4 Kd6 57. Ke4 Kc6 58. Rb8 Kc5 59. Kf5 Kd4 60. Kxg5 Rc5+ 61. Kf6
Kc3 62. g5 Rc4 63. Rxb2 Kxb2 64. Ke5 Rc5+ 65. Kf6 Rc6+ 66. Kf5 Kc3 67. g6
Kd4 68. g7 Rc8 69. f4 Rg8 70. Kg6 Rxg7+ 1/2-1/2

[Event "Open Duras BVK FIDE"]
[Site "Brno CZE"]
[Date "2009.06.30"]
[Round "5"]
[White "Jurka,M"]
[Black "Martisek,K"]
[Result "1-0"]
[WhiteElo "2309"]
[BlackElo "1888"]
[EventDate "2009.06.26"]

1. Nf3 d5 2. d4 e6 3. c4 c6 4. Nbd2 Nf6 5. e3 Be7 6. Bd3 O-O 7. O-O Re8 8.
e4 dxe4 9. Nxe4 Nxe4 10. Bxe4 Nd7 11. Re1 Nf6 12. Bc2 Bb4 13. Re2 Bf8 14.
Qd3 g6 15. Bg5 Bg7 16. Ne5 Qc7 17. Qf3 Nh5 18. Be3 Bxe5 19. dxe5 Qxe5 20.
Rd1 Qf6 21. Qxf6 Nxf6 22. Rd6 Nd7 23. Red2 Nb6 24. Rd8 Rxd8 25. Rxd8+ Kg7
26. b3 Nd7 27. g4 e5 28. f4 exf4 29. Bxf4 f6 30. g5 fxg5 31. Bxg5 Ne5 32.
Bc1 Kf7 33. Kf2 Ng4+ 34. Kg3 Nf6 35. Bb2 Nh5+ 36. Kf2 Nf4 37. Rh8 h5 38. h4
Ne6 39. Rh7+ Kg8 40. Bxg6 a5 41. Rh8+ 1-0

[Event "Open Duras BVK FIDE"]
[Site "Brno CZE"]
[Date "2009.06.30"]
[Round "5"]
[White "Mudra,T"]
[Black "Balkova,A"]
[Result "1-0"]
[WhiteElo "2150"]
[BlackElo "1866"]
[EventDate "2009.06.26"]

1. c4 c5 2. Nc3 Nc6 3. g3 e6 4. Bg2 Nf6 5. e4 g6 6. Nge2 Bg7 7. O-O O-O 8.
d3 d6 9. f4 e5 10. h3 Nd4 11. Rb1 Bd7 12. b4 Nxe2+ 13. Nxe2 cxb4 14. Rxb4
Bc6 15. Be3 Nd7 16. f5 Nc5 17. g4 g5 18. Qd2 f6 19. h4 h6 20. hxg5 hxg5 21.
Kf2 Kf7 22. Rh1 Rh8 23. Rbb1 Qe7 24. Ng3 Qc7 25. Nh5 b6 26. Nxg7 Kxg7 27.
Bxg5 Nxd3+ 28. Kg3 Nc5 29. Bh6+ Kf7 30. Qe2 Qb7 31. Rbe1 Rag8 32. Kf2 Rh7
33. g5 Ke7 34. Rh4 Kd8 35. Reh1 Kc8 36. g6 Rhh8 37. Bd2 Qg7 38. Rh7 Rxh7
39. Rxh7 Qf8 40. Rxa7 Kb8 41. Rf7 Qd8 42. Qg4 Nd7 43. Qh4 Rh8 44. Rh7 1-0

[Event "Open Duras BVK FIDE"]
[Site "Brno CZE"]
[Date "2009.06.30"]
[Round "5"]
[White "Kredl,K"]
[Black "Kuchynka,Lub"]
[Result "1-0"]
[WhiteElo "2103"]
[BlackElo "2050"]
[EventDate "2009.06.26"]

1. e4 c5 2. Nf3 d6 3. d4 cxd4 4. Nxd4 Nf6 5. Nc3 g6 6. Bc4 Bg7 7. O-O Nc6
8. Re1 O-O 9. Bb3 Na5 10. Bg5 h6 11. Bh4 b6 12. Qd3 Bb7 13. Rad1 Nxb3 14.
axb3 Qd7 15. Nf3 Qc6 16. Bxf6 Bxf6 17. Nd5 Rfe8 18. Nxf6+ exf6 19. Nd4 Qc5
20. c3 d5 21. b4 Qe7 22. Qg3 Kh7 23. Nb5 Red8 24. e5 fxe5 25. Rxe5 Qd7 26.
Nd4 Re8 27. Rde1 Bc6 28. h4 Rxe5 29. Rxe5 Re8 30. Qe3 Rxe5 31. Qxe5 Qe8 32.
Qf6 Bd7 33. Kh2 Be6 34. Kg3 h5 35. Kf4 Bg4 36. f3 Bc8 37. Qe5 Qf8 38. Qxd5
Qe7 39. g3 f5 40. Qe5 Qd8 41. c4 Kh6 42. Ke3 g5 43. hxg5+ Qxg5+ 44. Qf4 Kg6
45. Qxg5+ Kxg5 46. Ne2 Kf6 47. Kf4 Ba6 48. b3 Bc8 49. Nd4 Bd7 50. c5 bxc5
51. bxc5 Bc8 52. b4 a6 53. Nc6 Bb7 54. Na7 1-0

[Event "Open Duras BVK FIDE"]
[Site "Brno CZE"]
[Date "2009.06.30"]
[Round "5"]
[White "Majer,J"]
[Black "Mouryc,T"]
[Result "1-0"]
[WhiteElo "2285"]
[BlackElo "1992"]
[EventDate "2009.06.26"]

1. d4 d5 2. Nf3 c6 3. Bf4 Nf6 4. e3 Bf5 5. c4 e6 6. Qb3 Qb6 7. c5 Qxb3 8.
axb3 Nbd7 9. Nc3 a6 10. b4 Rc8 11. h3 Ne4 12. g4 Bg6 13. Na4 Be7 14. Ne5
Bd8 15. f3 Nxe5 16. Bxe5 Bh4+ 17. Ke2 Ng3+ 18. Bxg3 Bxg3 19. Kd2 Bc7 20. h4
h5 21. g5 O-O 22. f4 Be4 23. Rg1 g6 24. Be2 Bd8 25. Nc3 Bf5 26. Bf3 Bc7 27.
Be2 Rb8 28. Bd3 Bxd3 29. Kxd3 Kg7 30. Ne2 Rfd8 31. Kc3 Kf8 32. Nc1 Kg7 33.
Nd3 Rd7 34. Rg2 Rdd8 35. Rf2 Rd7 36. Ne5 Bxe5 37. fxe5 Rbd8 38. Kb3 Re7 39.
Raf1 Rc8 40. Rf6 Rd8 41. Ka4 Rdd7 42. Ka5 Rc7 43. Kb6 Rcd7 44. Ra1 Rc7 45.
Ra3 Red7 46. Rc3 Rc8 47. Rf1 Rcc7 48. Ra1 Kf8 49. b5 Ke7 50. b3 cxb5 51. c6
bxc6 52. Rxc6 Rb7+ 53. Kc5 Rd8 54. Raxa6 Rdb8 55. b4 Kd7 56. Rd6+ Ke7 57.
Rab6 Rc7+ 58. Rdc6 Rxc6+ 59. Kxc6 Rc8+ 60. Kxb5 Rc2 61. Rb7+ Kf8 62. Kb6
Rh2 63. Kc6 Rxh4 64. b5 Rh1 65. b6 Rc1+ 66. Kd7 h4 67. Rc7 Rb1 68. b7 1-0

[Event "Open Duras BVK FIDE"]
[Site "Brno CZE"]
[Date "2009.06.30"]
[Round "5"]
[White "Meszaros,Lu"]
[Black "Kalod,M"]
[Result "0-1"]
[WhiteElo "2218"]
[BlackElo "1879"]
[EventDate "2009.06.26"]

1. d4 Nf6 2. c4 g6 3. Nc3 d5 4. Bg5 Ne4 5. Qc1 Nxg5 6. Qxg5 h6 7. Qxd5 Nd7
8. Nf3 c6 9. Qe4 Bg7 10. e3 Qa5 11. Qc2 e5 12. Be2 O-O 13. O-O Re8 14. Rad1
exd4 15. Nxd4 Nf6 16. h3 Qe5 17. Rd2 Nh7 18. Kh1 Kh8 19. Rfd1 Qc7 20. b4
Ng5 21. h4 Ne6 22. Nf3 Qe7 23. c5 Nf8 24. g3 Bf5 25. Qc1 Qf6 26. Nd4 Bh3
27. Bf3 Ne6 28. Ne4 Qe7 29. Kh2 Nxd4 30. Rxd4 Be6 31. Nd6 Red8 32. R4d2 Be5
33. Kg2 Rg8 34. Qc2 Rab8 35. Qe4 Bg7 36. h5 f5 37. Qc2 Qg5 38. Rh1 Be5 39.
Rdd1 Rbf8 40. Rh4 Bxg3 41. Qc3+ Be5+ 42. Rg4 Qxg4+ 43. Bxg4 Bxc3 44. Bf3
Bxb4 45. e4 gxh5+ 46. Kh2 Rb8 47. Nxb7 Bd5 48. Nd8 Rg6 49. Nf7+ Kh7 50. e5
0-1

[Event "Open Duras BVK FIDE"]
[Site "Brno CZE"]
[Date "2009.06.30"]
[Round "5"]
[White "Zabensky,J"]
[Black "Petruska,M"]
[Result "1-0"]
[WhiteElo "1999"]
[BlackElo "1901"]
[EventDate "2009.06.26"]

1. e4 c5 2. Nc3 e5 3. Bc4 d6 4. d3 Be6 5. Bb3 a6 6. Nf3 Nf6 7. Ng5 Bxb3 8.
axb3 h6 9. Nf3 Nc6 10. O-O Be7 11. Ne2 Nh5 12. c3 Bg5 13. Be3 Qf6 14. d4
cxd4 15. cxd4 O-O 16. Nxg5 hxg5 17. d5 Ne7 18. Nc3 Qg6 19. Qg4 f6 20. Qe6+
Qf7 21. Qxd6 Rad8 22. Qb4 Nc8 23. Rfd1 Rd7 24. Rac1 f5 25. f3 g4 26. fxg4
fxg4 27. Rf1 Nf6 28. Na4 Qg6 29. Nc5 Rdf7 30. Ne6 Re8 31. Ng5 Rd7 32. Rf2
Nd6 33. Re2 Nfxe4 34. Nxe4 Qxe4 35. Qxe4 Nxe4 36. Rd1 Nf6 37. Red2 Kf7 38.
Bb6 Rc8 39. Rf1 Ke7 40. Re1 Rxd5 41. Rxd5 Nxd5 42. Rxe5+ Kd6 43. Bd4 Rc1+
44. Kf2 Rd1 45. Re4 Nf6 46. Ke2 Nxe4 47. Kxd1 g6 48. Ke2 Kd5 49. Ke3 b5 50.
Bg7 Nc5 51. b4 Ne6 52. Bc3 g5 53. g3 Nd8 54. Bf6 Nc6 55. Bxg5 Nxb4 56. b3
a5 57. Kf4 Nd3+ 58. Kxg4 a4 59. bxa4 bxa4 60. Be7 Nc5 61. Kf5 a3 62. h4 a2
63. Bf6 Ne4 64. Ba1 Nxg3+ 65. Kg4 Ne4 66. h5 Ke6 67. h6 Nf6+ 68. Kg5 Nh7+
69. Kg6 Nf8+ 70. Kg7 Ke7 71. Kg8 Ng6 72. h7 Ke6 73. Kg7 Kf5 74. Bf6 Ne5 75.
Bxe5 Kxe5 76. Kg8 a1=Q 77. h8=Q+ 1-0

[Event "Open Duras BVK FIDE"]
[Site "Brno CZE"]
[Date "2009.06.30"]
[Round "5"]
[White "Hosek,M"]
[Black "Hruska,V"]
[Result "0-1"]
[WhiteElo "2302"]
[BlackElo "1985"]
[EventDate "2009.06.26"]

1. d4 Nf6 2. Nf3 e6 3. c4 b6 4. a3 Bb7 5. e3 Be7 6. Nc3 O-O 7. Bd3 d5 8.
O-O dxc4 9. Bxc4 Nbd7 10. Qe2 Ne4 11. Rd1 Nxc3 12. bxc3 Nf6 13. Bd3 Ne4 14.
Qc2 f5 15. c4 Bd6 16. Rb1 Ng5 17. Ne1 Qe8 18. c5 Be7 19. cxb6 cxb6 20. Qc7
Bd5 21. Bd2 Ne4 22. Bb4 Bxb4 23. Rxb4 Rf7 24. Qe5 Rc8 25. Rb2 Rfc7 26. Rc2
Rxc2 27. Bxc2 Qb5 28. Rb1 Qe2 29. Bxe4 fxe4 30. Qd6 Bc4 31. h3 Qf1+ 32. Kh2
Qxf2 33. Rc1 Qf5 34. g4 Qd5 35. Qxd5 exd5 36. Rc2 Ba6 37. Kg3 Rxc2 38. Nxc2
g5 39. Nb4 Bb7 40. Na2 Kf7 41. Nc3 Bc6 42. a4 Ke6 43. Kf2 a6 44. Kg3 Kd6
45. h4 h6 46. hxg5 hxg5 47. Kf2 Bd7 48. Ke1 Bxg4 49. Na2 Bd7 0-1

[Event "Open Duras BVK FIDE"]
[Site "Brno CZE"]
[Date "2009.06.30"]
[Round "5"]
[White "Zavadilova,K"]
[Black "Nemec,M"]
[Result "0-1"]
[WhiteElo "1713"]
[BlackElo "1913"]
[EventDate "2009.06.26"]

1. e4 c5 2. Nf3 d6 3. d4 cxd4 4. Qxd4 a6 5. Bc4 Nc6 6. Qd1 Nf6 7. e5 Nxe5
8. Nxe5 Qa5+ 9. c3 Qxe5+ 10. Be2 g6 11. Nd2 Bg7 12. O-O O-O 13. Nf3 Qa5 14.
Be3 Bd7 15. Re1 Rac8 16. Qd2 Bb5 17. Bh6 Bxe2 18. Rxe2 Qc7 19. Rae1 e6 20.
Bxg7 Kxg7 21. Qd4 Qc5 22. Qh4 Qd5 23. Qa4 Rfd8 24. Rd2 Qf5 25. Nd4 Qg4 26.
f3 Qg5 27. Rde2 Qc5 28. Kh1 e5 29. Nc2 h5 30. Qb3 b5 31. Rd2 a5 32. Ne3 a4
33. Qd1 a3 34. Qb3 axb2 35. Rxb2 Qxc3 36. Qxc3 Rxc3 37. Rxb5 Ra8 38. Rb2
Raa3 39. Rbe2 Nd7 40. Nd5 Rc5 41. Rd2 Rc4 42. Kg1 Kf8 43. Rb1 Ra7 44. Nb6
Rc6 45. Nxd7+ Rxd7 46. a4 Ke7 47. Kf2 Ra7 48. Ra2 Ra5 49. Ke3 Rc4 50. Rba1
d5 51. Kd3 f5 52. Re1 Rcxa4 53. Rxe5+ Kd6 54. Rae2 Ra3+ 55. Kc2 Ra2+ 56.
Kb3 Rxe2 57. Rxe2 Rc5 58. Rd2 f4 59. g3 d4 60. Rd3 Rc1 61. Kb2 Rh1 62. Rd2
Rf1 63. gxf4 Ra1 64. Kc2 Re1 65. Kb3 Rb1+ 66. Ka2 d3 67. Rxd3+ 0-1

[Event "Open Duras BVK FIDE"]
[Site "Brno CZE"]
[Date "2009.06.30"]
[Round "5"]
[White "Blahynka,M"]
[Black "Markovic,Iv CZE"]
[Result "0-1"]
[WhiteElo "1873"]
[BlackElo "2194"]
[EventDate "2009.06.26"]

1. e4 Nf6 2. e5 Nd5 3. c4 Nb6 4. d4 d6 5. f4 dxe5 6. fxe5 c5 7. d5 e6 8.
Nc3 exd5 9. cxd5 c4 10. Be3 Bb4 11. Bxb6 Qxb6 12. Qd2 O-O 13. Nf3 Bf5 14.
Bxc4 Nd7 15. a3 Qc7 16. axb4 Qxc4 17. Qd4 Nxe5 18. Qxc4 Nxc4 19. O-O-O a5
20. b5 a4 21. Rd4 Rfc8 22. g4 Bd7 23. Re1 a3 24. bxa3 Rxa3 25. Kc2 Nd6 26.
Re3 Nxb5 27. Rdd3 Bxg4 28. Kb2 Raxc3 29. Rxc3 Nxc3 30. Rxc3 Rd8 31. Ne5 Bf5
0-1

[Event "Open Duras BVK FIDE"]
[Site "Brno CZE"]
[Date "2009.06.30"]
[Round "5"]
[White "Stanek,S"]
[Black "Vitula,J"]
[Result "1-0"]
[WhiteElo "2075"]
[BlackElo "1864"]
[EventDate "2009.06.26"]

1. d4 Nf6 2. c3 d5 3. Bf4 Bf5 4. e3 e6 5. Bd3 Bxd3 6. Qxd3 Bd6 7. Qb5+ Nbd7
8. Bxd6 cxd6 9. Qxb7 Rb8 10. Qxa7 Rxb2 11. Nf3 Ne4 12. O-O g5 13. Ne1 g4
14. Nd3 Re2 15. Qa3 g3 16. hxg3 Qg5 17. Nf4 Nxg3 18. fxg3 Rxe3 19. Qa8+ Ke7
20. Qxh8 Rxg3 21. a4 Nf6 22. Qxf6+ 1-0

[Event "Open Duras BVK FIDE"]
[Site "Brno CZE"]
[Date "2009.06.30"]
[Round "5"]
[White "Zitny,P"]
[Black "Zemanek,J"]
[Result "1-0"]
[WhiteElo "1955"]
[BlackElo "1846"]
[EventDate "2009.06.26"]

1. e4 c5 2. Nf3 d6 3. d4 cxd4 4. Nxd4 e6 5. Nc3 a6 6. Be2 Nf6 7. Be3 Be7 8.
O-O O-O 9. a4 b6 10. f4 Qc7 11. g4 Bb7 12. Bf3 Nc6 13. g5 Nd7 14. Nce2 Rad8
15. Ng3 Kh8 16. Bg2 Nb4 17. Qe2 Rg8 18. Rad1 Nc5 19. f5 Rde8 20. g6 fxg6
21. fxg6 hxg6 22. Qg4 Rgf8 23. Qxg6 Bf6 24. Nh5 Be5 25. Rf2 Qc8 26. Bf4 Qc7
27. Bxe5 dxe5 28. Rdf1 Rg8 29. Ng3 1-0

[Event "Open Duras BVK FIDE"]
[Site "Brno CZE"]
[Date "2009.06.30"]
[Round "5"]
[White "Schuster,P"]
[Black "Turza,P"]
[Result "1/2-1/2"]
[WhiteElo "1918"]
[BlackElo "1837"]
[EventDate "2009.06.26"]

1. d4 d6 2. e4 c6 3. Nc3 Nd7 4. Bc4 Nb6 5. Bb3 d5 6. Nf3 e6 7. O-O Be7 8.
e5 Nd7 9. Be3 Nf8 10. Qd2 Ng6 11. Rae1 h5 12. h3 Nh6 13. Ne2 Nf5 14. Nf4
Nxe3 15. Qxe3 Bg5 16. Nxg5 Qxg5 17. Nxd5 Qxe3 18. Nxe3 b6 19. c3 Nf4 20.
Bc4 b5 21. Be2 a5 22. Bf3 Kd7 23. Rd1 Ba6 24. b3 g5 25. Rfe1 Rag8 26. c4
bxc4 27. bxc4 Bb7 28. d5 cxd5 29. cxd5 exd5 30. Nxd5 Bxd5 31. Bxd5 Ke7 32.
Bb3 g4 33. hxg4 Rxg4 34. g3 h4 35. Re3 hxg3 36. fxg3 a4 37. Bd5 Rd8 38. Bf3
Rxg3+ 39. Kf2 Rxf3+ 40. Kxf3 Rxd1 41. Kxf4 Rd5 42. Ke4 Ke6 43. Kf4 Rb5 44.
Re4 Ra5 1/2-1/2

[Event "Open Duras BVK FIDE"]
[Site "Brno CZE"]
[Date "2009.06.30"]
[Round "5"]
[White "Cihal,J"]
[Black "Strnad,O"]
[Result "1/2-1/2"]
[WhiteElo "1881"]
[BlackElo "1761"]
[EventDate "2009.06.26"]

1. e4 c5 2. Nc3 Nc6 3. f4 d6 4. Nf3 g6 5. Bc4 Bg7 6. d3 Nf6 7. e5 dxe5 8.
fxe5 Ng4 9. Bb5 Ngxe5 10. Nxe5 Bxe5 11. Bxc6+ bxc6 12. Qf3 Bxc3+ 13. bxc3
Qd5 14. O-O O-O 15. Ba3 Ba6 16. Qxd5 cxd5 17. Bxc5 Rfc8 18. Bb4 e6 19. Rfb1
Rab8 20. Bd6 Rxb1+ 21. Rxb1 Rxc3 22. Rb2 Rc6 23. Be5 Rb6 24. Kf2 Kf8 25.
Rb3 Rxb3 26. axb3 Bb5 27. Bf6 Ke8 28. Ke3 Kd7 29. Kd4 Kd6 30. b4 a6 31. Bg7
h5 32. h4 Bd7 33. g3 Bb5 34. Bf8+ Kd7 35. Kc5 f6 36. c4 dxc4 37. dxc4 Bc6
38. Kb6 g5 39. hxg5 fxg5 40. Bh6 h4 41. gxh4 gxh4 42. Bf4 Be4 43. c5 Bd3
44. Kb7 Bb5 45. Kb6 h3 46. Be5 Bc4 47. Kb7 Bb5 48. Bh2 Ba4 49. Kb6 Bb5 50.
Bd6 Bc4 51. Kb7 Bb5 52. Bb8 Ba4 1/2-1/2

[Event "Open Duras BVK FIDE"]
[Site "Brno CZE"]
[Date "2009.06.30"]
[Round "5"]
[White "Drab,T"]
[Black "Milfort,V"]
[Result "1-0"]
[WhiteElo "1889"]
[BlackElo "1731"]
[EventDate "2009.06.26"]

1. e4 c5 2. Nf3 d6 3. d4 cxd4 4. Nxd4 a6 5. Be2 Nf6 6. Nc3 Bd7 7. a4 e6 8.
O-O Be7 9. f4 e5 10. Nf3 Nc6 11. Kh1 Qc7 12. Nd5 Nxd5 13. exd5 Nd8 14. Be3
O-O 15. a5 Bb5 16. Bb6 Qc8 17. c4 e4 18. cxb5 exf3 19. Rxf3 Bf6 20. Rc1 Qd7
21. Rc7 Qe8 22. Re3 Ne6 23. dxe6 fxe6 24. b4 axb5 25. Bh5 g6 26. Bg4 g5 27.
Bxe6+ Kh8 28. f5 Rf7 29. Bxf7 Qf8 30. Rh3 Qg7 31. Bg8 Kxg8 32. Rxh7 1-0

[Event "Open Duras BVK FIDE"]
[Site "Brno CZE"]
[Date "2009.06.30"]
[Round "5"]
[White "Kukla,T"]
[Black "Docekal,A"]
[Result "0-1"]
[WhiteElo "1851"]
[BlackElo "1714"]
[EventDate "2009.06.26"]

1. d4 d5 2. c4 e6 3. Nc3 Nf6 4. Bg5 Be7 5. cxd5 exd5 6. Nf3 c6 7. e3 Ne4 8.
Nxe4 dxe4 9. Bxe7 Qxe7 10. Nd2 O-O 11. Qc2 f5 12. Bc4+ Kh8 13. O-O Nd7 14.
Rfc1 Nb6 15. Bb3 Rf6 16. Nc4 Nxc4 17. Bxc4 Rh6 18. g3 Qg5 19. Be2 Be6 20.
Qd2 Bd5 21. Qb4 b6 22. a4 Qf6 23. f4 c5 24. Qc3 Rd8 25. a5 b5 26. a6 Qf7
27. Qd2 Rg8 28. b4 Qe7 29. Qb2 Qh4 30. Kh1 Rf6 31. Rg1 0-1

[Event "Open Duras BVK FIDE"]
[Site "Brno CZE"]
[Date "2009.06.30"]
[Round "5"]
[White "Zikan,K"]
[Black "Rezny,F"]
[Result "0-1"]
[WhiteElo "1816"]
[BlackElo "1665"]
[EventDate "2009.06.26"]

1. c4 e5 2. Nc3 Nf6 3. Nf3 Nc6 4. g3 d5 5. cxd5 Nxd5 6. d3 Bc5 7. Bg2 Nxc3
8. bxc3 e4 9. dxe4 Qxd1+ 10. Kxd1 O-O 11. e3 Re8 12. Nd4 Ne5 13. Ke2 Bd7
14. Rd1 Ba4 15. Nb3 Bb6 16. Kf1 c5 17. Rd2 Nc4 18. Rd1 Na5 19. Rd5 Nxb3 20.
axb3 Bxb3 21. Rd7 Rad8 22. Rxb7 Rd3 23. Bb2 Red8 24. Bf3 Bc4 25. Kg2 Rd2
26. Ba3 Be6 27. e5 g6 28. h4 c4 29. Kf1 Rc2 30. Rc1 Ra2 31. Be7 Rc8 32. Rd1
Bc5 33. Bxc5 Rxc5 34. Rd8+ Kg7 35. g4 Rxe5 36. Rbb8 g5 37. hxg5 Rxg5 38.
Rd4 Rc2 39. Rb7 a5 40. Re4 Kh6 41. Be2 Rxc3 42. f4 Rc5 43. f5 Bd5 44. Rd4
Bxb7 0-1

[Event "Open Duras BVK FIDE"]
[Site "Brno CZE"]
[Date "2009.07.01"]
[Round "6"]
[White "Kratochvil,K"]
[Black "Snorek,M"]
[Result "1-0"]
[WhiteElo "2113"]
[BlackElo "2155"]
[EventDate "2009.06.26"]

1. e4 c5 2. Nf3 d6 3. d3 Nc6 4. g3 g6 5. Bg2 Bg7 6. O-O e6 7. c3 Nge7 8. d4
cxd4 9. cxd4 Qb6 10. d5 exd5 11. exd5 Ne5 12. Nxe5 Bxe5 13. Nd2 Qc7 14. Qe2
O-O 15. Nc4 Bg7 16. Bf4 Nf5 17. Rac1 Qd8 18. Qd2 Re8 19. Rfe1 Rxe1+ 20.
Rxe1 b5 21. Na5 Bd7 22. g4 Nh4 23. Nc6 Qb6 24. Ne7+ Kh8 25. Be3 Qb7 26. Bd4
Rf8 27. Qh6 Rg8 28. Nxg8 Bxd4 29. Nf6 1-0

[Event "Open Duras BVK FIDE"]
[Site "Brno CZE"]
[Date "2009.07.01"]
[Round "6"]
[White "Mlynek,P"]
[Black "Jurka,M"]
[Result "1/2-1/2"]
[WhiteElo "2217"]
[BlackElo "2309"]
[EventDate "2009.06.26"]

1. d4 Nf6 2. c4 g6 3. Nf3 Bg7 4. g3 c5 5. Bg2 cxd4 6. Nxd4 O-O 7. Nc3 Nc6
8. O-O Nxd4 9. Qxd4 d6 10. Qd3 a6 11. Bd2 Rb8 12. Rac1 Bf5 13. e4 Bd7 14.
a4 Ng4 15. b4 Ne5 16. Qe2 e6 17. Be3 b6 18. c5 dxc5 19. bxc5 b5 20. axb5
axb5 21. Rfd1 1/2-1/2